000 01346pam a2200325 a 4500
001 4381161
003 ARRUPE
005 20160810105119.0
008 910205s1992 nju b 001 0 eng
010 _a 91055093
020 _a0838634567 (alk. paper)
040 _aDLC
_cDLC
_dDLC
043 _af-gh---
_afe-----
050 0 0 _aDT512
_b.A66 1992
082 0 0 _a327.6670676
_220
100 1 _aAgyeman, Opoku,
_d1942-
_924692
245 1 0 _aNkrumah's Ghana and East Africa :
_bPan-Africanism and African interstate relations /
_cOpoku Agyeman.
260 _aRutherford :
_bFairleigh Dickinson University Press ;
_aLondon ;
_aCranbury, NJ :
_bAssociated University Press,
_cc1992.
300 _a234 p. ;
_c25 cm.
504 _aIncludes bibliographical references (p. [223]-229) and index.
600 1 0 _aNkrumah, Kwame,
_d1909-1972.
_924693
650 0 _aPan-Africanism.
_93229
651 0 _aGhana
_xForeign relations
_zAfrica, East.
_924694
651 0 _aAfrica, East
_xForeign relations
_zGhana.
_924695
651 0 _aGhana
_xPolitics and government
_y1957-1979.
_923604
651 0 _aGhana
_xPolitics and government
_y1979-2001.
_924696
906 _a7
_bcbc
_corignew
_d1
_eocip
_f19
_gy-gencatlg
942 _2lcc
_cMONOGRAPH
999 _c124881
_d124881